Quizzes
Events
Quiz Creation
Community
Videos
Private Events
Remove Ads
Sign In
Join for FREE
Feedback
Dark Mode
Quiz Categories
Sports
Geography
Music
Movies
Television
Just For Fun
Miscellaneous
History
Literature
Language
Science
Gaming
Entertainment
Religion
Holiday
For Kids
Quiz Lab
Recent
Popular Today
Quiz Kudos Today
Editor Picks
Curator Picks
Quizzes by...
Day
Popularity
Type
Ratings
Length
Year
Community
Subscriptions
Recent Discussions
Orange Saloon
Badges
Playlists
Quests
Create
Leaderboards
Showdown
Live 5
Trivia Bingo
Activity
Puzzle Library
Sporcle Events
Private Events
Virtual Trivia
Globe League
Become a Host
Pub Owners
SporcleCon
Opinionation
Our Games
Videos
Blog
Mobile Apps
Partnerships
Remove Ads and Go Orange
Feedback
Gaming
Video Games
Board Games
Card Games
Pokémon
Mario
Nintendo
Minecraft
Console
Toys
Legend of Zelda
Gaming
Video Games
Board Games
Card Games
Pokémon
Mario
Nintendo
Minecraft
Console
Toys
Legend of Zelda
Random Quiz
Search Sporcle
×
Quiz Lab
Quiz Lab
Gaming
Character
Type in answers that appear in a list
Type in answers that appear in a list
Classic
Best Score? Go Orange.
Characters by Game Stats
Can you name the Characters by Game?
By
NarutoUzumaki
18m
120 Questions
10 Plays
10 Plays
10 Plays
Comments
Comments
Give Quiz Kudos
Give Quiz Kudos
-
- Ratings
hide this ad
Replay
Link that replays current quiz
Next Quiz
Link to next quiz in quiz playlist
You Got
0%
They Got
Avg Score
35%
Avg Friend Score
Upgrade to see
Score Distribution
Jump to the score distribution portion of the page
Score
0/120
Timer
18:00
0
Plays Today
Answer
% Correct
Ryu
100%
Ken
100%
Chun-Li
90%
Scorpion
90%
Sub-Zero
90%
Mario
90%
Luigi
90%
Peach
90%
Yoshi
90%
Toad
90%
Bowser
90%
Bowser Jr
90%
Guile
80%
Raiden
80%
Jill Valentine
80%
Dhalsim
70%
Blanka
70%
Sagat
70%
Daisy
70%
Zangief
60%
Reptile
60%
Wario
60%
Leon Scott Kennedy
60%
Akuma
50%
Cammy
50%
Jin Kazama
50%
Devil Jin
50%
Chris Redfield
50%
Claire Redfield
50%
Albert Wesker
50%
Kano
40%
Johnny Cage
40%
Sonya
40%
Goro
40%
Rosalina
40%
Mitsurugi
40%
Ivy
40%
Yoshimitsu
40%
Shang Tsung
30%
Iori Yagami
30%
Answer
% Correct
Kyo Kusanagi
30%
Ryo Sakazaki
30%
Ralf Jones
30%
Leona
30%
Rugal
30%
Taki
30%
Maxi
30%
Kazuya Mishima
30%
Heihachi Mishima
30%
King
30%
Hwoarang
30%
Jago
30%
Akira
30%
Pai
30%
Lau
30%
Haohmaru
30%
Hanzo
30%
Hanzo
30%
Tanya
20%
Robert Garcia
20%
Clark Steel
20%
Kim Kaphwan
20%
Athena Asamiya
20%
Bad Mr. Frosty
20%
Blob
20%
Boogerman
20%
Siegfried
20%
Nightmare
20%
Nina Williams
20%
Marshall Law
20%
Cinder
20%
Fulgore
20%
Orchid
20%
TJ Combo
20%
Riptor
20%
Spinal
20%
Eyedol
20%
Glacius
20%
Sabrewulf
20%
Kage
20%
Answer
% Correct
Sarah
20%
Wolf
20%
Jeffry
20%
Dural
20%
Lion Rafale
20%
Nakoruru
20%
Amakusa
20%
Charlotte
20%
Galford
20%
Earthquake
20%
Fuuma
20%
Dio
20%
Geegus
20%
Mudman
20%
Brocken
20%
Kim Dragon
20%
Muscle Power
20%
Captain Kidd
20%
Sheva Alomar
20%
Jake Muller
20%
Sherry Birkin
20%
Helena Harper
20%
Piers Nivens
20%
Bonker
10%
Earthworm Jim
10%
Houngan
10%
Ickybod Clay
10%
Kung Pow
10%
T-Hoppy
10%
Taffy
10%
Killik
10%
Talim
10%
Voldo
10%
Raphael
10%
Lee Chaolan
10%
Jacky
10%
Genjuro
10%
Jubei
10%
Wan-Fu
10%
Rasputin
10%
Quiz Playlist
Details
Report
Send in Message
Add To Playlist
Classic:
Type in answers that appear in a list
Last Updated: Nov 20, 2017
Quiz Scoreboard
CHALLENGE
Sign Up to Join the Scoreboard
Show All
Scores
Hide
Comments
May contain spoilers
Recently Published
College Basketball Coaching Resumes
by pancakes188
Sports
9m
Billboard Blitz: Fleetwood Mac
by CooCooCachoo
Music
15s
Presidents Visiting Landmarks
by Hejman
History
7m
More to Explore
Quiz From the Vault
Featured Blog Post
Where Did the Easter Bunny Come From?
hide this ad
You Might Also Like...
Tags
Character
Today's Top Quizzes in Gaming
Browse Gaming
hide this ad
Today's Top Quizzes in Character
Browse Character
Top Contributed Quizzes in Gaming
1
5-to-1: Consoles
2
7-to-1: Board Game Piece Blitz
3
5-to-1: Legend of Zelda
4
Destiny 2 exotic weapons by perk icons
5
League of Legends Pro Players by Career/Team History
6
Ultimate Genshin Impact Logic Puzzle (up to 4.3)
7
Franchise by Action Figure
8
Who's on the WWE 2K24 Cover?
9
Genshin Impact Logic Puzzle Quiz
10
Overwatch Logic Puzzle
Explore More
Trending Topics
Kpop
Anime
NBA
Marvel
Disney
Crossword
Harry Potter
NFL
WWE
The Office
Puzzle
Pokémon
Song
Soccer
Country
hide this ad
More By:
NarutoUzumaki
Quiz
Plays
Rating
Category
Featured
Created
TV Character by Surname II
20,080
3.84
Television
Feb 15, 2012
Power Rangers by Color
2,851
4.00
Television
Nov 9, 2017
Power Rangers Season by Red Ranger
2,192
5.00
Television
Jan 18, 2012
Naruto Characters Map
2,160
3.63
Television
Nov 16, 2017
Paw Patrol Characters Map
1,469
5.00
Television
Nov 22, 2017
Go to Creator's Profile
Score Distribution
Quiz Creator Spotlight
NarutoUzumaki
Follow
Send a Message
Quizzes Created
-
Created Quiz Play Count
-
More By This Creator
Popular Quizzes Today
1
Find the US States - No Outlines Minefield
2
Find the Countries of Europe - No Outlines Minefield
3
The Countries of the World
4
Find the US States
5
Risky Map Clicking: Biggest States A-Z
6
US States
7
Popular People in 1961
8
Movies - When Are They Set?
More Gaming Quizzes
Super Smash Bros. Characters by Length
Editor's Pick
Trending Quizzes
Risky Map Clicking: Least Populous States A-Z
1-10 Letter G Words
1-10 Letter F Words
Risky Map Clicking: Next State Alphabetically
Risky Map Clicking: Biggest States A-Z
Recently Updated
Leaping Animals
pecheneg
Reality TV Shows (A-Z)
bhenderson79
Rickey Henderson's Hall of Fame Teammates
pecheneg
Champions League XIs: Arsenal
pecheneg
Quick Pick: Celebrities in WWE's Hall of Fame
aduchscher
A-Z Keypad Blitz II
pecheneg
Multiple Oscar Actors
pecheneg
Mystery Phrase Blitz: Oscar 'Best Actors'
pecheneg
F. Scott Fitzgerald Novels
LTH
Pick 3 Villains
ddd62291
Trending Topics
Anime
Disney
Crossword
Kpop
Marvel
Harry Potter
NBA
Country
Pokémon
Soccer
WWE
NFL
The Office
Song
Puzzle
Your Account Isn't Verified!
In order to create a playlist on Sporcle, you need to verify the email address you used during registration. Go to your
Sporcle Settings
to finish the process.
Report this User
Report this user for behavior that violates our
Community Guidelines
.
Details:
Send Report
Go to the Sporcle.com Mobile Site →
Comments